000 00320nam a22001337a 4500
008 180919b xxu||||| |||| 00| 0 eng d
020 _a9780393703139
041 _aeng
080 _a159.9
100 _a48
101 _aPSI
245 _aThe New Handbook of Cognitive Therapy Techniques
_cMullin,R.E
942 _2udc
_cBK
999 _c48066
_d48066